| 000 | 00847cam a22002653a 4500 | ||
|---|---|---|---|
| 001 | 19415 | ||
| 003 | PGUSA | ||
| 005 | 20140828083418.0 | ||
| 008 | 061001s2006||||xxu|||||s|||||000 | eng d | ||
| 040 |
_aPGUSA _beng |
||
| 042 | _adc | ||
| 050 | 4 | _aZ | |
| 100 | 1 |
_aClark, John Willis, _d1833-1910 |
|
| 245 | 1 | 0 |
_aLibraries in the Medieval and Renaissance Periods : _bThe Rede Lecture Delivered June 13, 1894 _h[electronic resource] / _cJohn Willis Clark |
| 260 |
_bProject Gutenberg, _c2006 |
||
| 506 | _aPublic domain in the USA. | ||
| 516 | _aElectronic text | ||
| 653 | _aManuscripts, Renaissance | ||
| 653 | _aLibraries -- History -- 400-1400 | ||
| 653 | _aLibraries -- History -- 1400-1600 | ||
| 653 | _aManuscripts, Medieval | ||
| 830 | 0 |
_aProject Gutenberg _v19415 |
|
| 856 | 4 | 0 | _uhttp://www.gutenberg.org/ebooks/19415 |
| 942 | _cEB | ||
| 999 |
_c248670 _d248670 |
||